|
|
|
|
| LEADER |
00000nab a2200000 a 4500 |
| 001 |
vtls000536050 |
| 003 |
SK-MaSNL |
| 005 |
20260304092815.0 |
| 008 |
250425c1994 xo 0 slo |
| 015 |
|
|
|a SNBRB19rr/mm-uuuuu
|
| 035 |
|
|
|a CL0536188
|
| 035 |
|
|
|a urn:nbn:sk:snk-ab1mnk
|
| 035 |
|
|
|a (urnnbn)urn:nbn:sk:snk:ar-004kdr
|
| 035 |
|
|
|a (uuid)9fdf91b5-6f82-4508-9a73-9616081ebc7e
|
| 040 |
|
|
|a SNKBUCL
|b slo
|c SNKBUCL
|e AACR2
|
| 041 |
0 |
|
|a slo
|
| 044 |
|
|
|a xo
|c SK
|
| 080 |
|
|
|a 801.68:808.54-087
|2 1981
|
| 080 |
|
|
|a 808.54-087
|2 1981
|
| 080 |
|
|
|a 808.54-68
|2 1981
|
| 080 |
|
|
|a 800.87
|2 1981
|
| 100 |
1 |
|
|a Lipták, Štefan,
|d 1937-
|4 aut
|9 110296
|
| 245 |
1 |
0 |
|a O používaní nárečia v písanom a hovorenom texte
|c Štefan Lipták
|
| 650 |
0 |
7 |
|a slovenčina
|2 snkbucl
|9 1350
|
| 650 |
0 |
7 |
|a štylistika
|2 snkbucl
|9 870
|
| 650 |
0 |
7 |
|a text písaný
|2 snkbucl
|9 986727
|
| 650 |
0 |
7 |
|a text hovorený
|2 snkbucl
|9 1387160
|
| 650 |
0 |
7 |
|a nárečie
|2 snkbucl
|9 324752
|
| 655 |
|
7 |
|a články z novín a časopisov
|2 snkbucl
|9 267496
|
| 773 |
0 |
|
|t Kultúra slova
|g Roč. 28, č. 6 (1994), s. 352-354
|x 0023-5202
|
| 850 |
|
|
|a Slovenská národná knižnica
|
| 852 |
|
|
|a Slovenská národná knižnica
|
| 954 |
|
|
|a odborná, vedecká literatúra pôvodná (slovenská)
|2 lita
|
| 958 |
|
|
|a article27
|
| 958 |
|
|
|a OND
|
| 958 |
|
|
|a RK
|
| 958 |
|
|
|a EUIPO
|
| 992 |
|
|
|a RBX
|
| 999 |
|
|
|c 2820366
|d 2822296
|